Missing Word: Famous Bosses Quiz Stats

 Plays Quiz Updated Sep 25, 2017

Challenge
Share
Tweet
Embed
Score 0/18 Timer 05:00
0 Plays Today
Name Missing Word % Correct
Captain James T. _____Kirk
91.5%
_____ SopranoTony
86.2%
C. Montgomery _____Burns
77.8%
Tony _____Stark
76.1%
Don _____Draper
74.4%
Charles _____Xavier
65%
Dr. _____Evil
60.9%
Michael _____Scott
59.8%
Gordon _____Gekko
59.5%
Name Missing Word % Correct
_____ PriestlyMiranda
48.2%
Ron _____Swanson
47.4%
_____ DonaghyJack
44.7%
_____ PopeOlivia
40.7%
_____ MeyerSelina
38.4%
_____ BelfortJordan
29.6%
_____ LumberghBill
29.2%
_____ KrabsEugene
27.9%
Dr. Miranda _____Bailey
20%

Today's Daily Dose

You're not logged in!

Compare scores with friends on all Sporcle quizzes.
Join for Free
OR
Log In

You Might Also Like...

Show Comments

Extras

Top Quizzes Today


Score Distribution

Your Account Isn't Verified!

In order to create a playlist on Sporcle, you need to verify the email address you used during registration. Go to your Sporcle Settings to finish the process.

Report this User

Report this user for behavior that violates our Community Guidelines.

Details: